02436cam a2200433 i 450000100090000000300040000900500170001300800410003001000170007102000310008802000180011902000270013704000340016404200080019804300120020605000250021808200170024310000420026024501030030226400580040530000290046333600260049233700280051833800270054650000470057350400670062050506150068752002610130265000280156365000310159165000280162265100280165065100430167865100460172190600450176794200400181295201330185299900170198521946696OSt20230921122910.0210307s2021 nyu b 001 0 eng  a 2021006831 a9781438484891q(hardcover) a9788178246567 z9781438484907q(ebook) aLBSOR/DLCbengerdacDLCdDLC apcc aa-ii---00aBP188.8.I4bA76 202100a297.4bALA/M aAlam, Muzaffar d1947-eauthor.9238514aThe Mughals and the Sufis :bIslam and political imagination in India, 1500-1750 /cMuzaffar Alam. 1aAlbany :bState University of New York Press,c[2021] axiii, 454 pages ;c24 cm atextbtxt2rdacontent aunmediatedbn2rdamedia avolumebnc2rdacarrier a"First published by Permanent Black D-28." aIncludes bibliographical references (pages 397-430) and index.0 aIntroduction: A long view of Sufism and political culture in India -- The Mughals, the Sufi Shaikhs, and the formation of the Akbari dispensation -- A Sufi critique of religious law, tasawwuf, and politics in Mughal India -- Shah Madar, Sufi religion, and a view of "true Islam" in a Mughal Chishti Tazkira -- Strategy and imagination in a Mughal Sufi story of creation -- In search of a sacred king : Dara Shukoh and the Yogavasisthas of Mughal India -- Piety, poetry, and the contested loyalties of Mughal princesses, c. 1635-1700 -- The Naqshbandi Shaikhs of Sirhind in Aurangzeb's empire and its aftermath. a"Examines the relationship between Mughal political culture and the two dominant strains of Islam's Sufi traditions in South Asia: one centred around orthodoxy, the other focusing on a more accommodating and mystical spirituality"--cProvided by publisher. 0aSufismzIndiaxHistory. 0aIslam and politicszIndia. 0aIslam and statezIndia. 0aMogul EmpirexReligion. 0aMogul EmpirexPolitics and government. 0aIndiaxPolitics and governmenty997-1765. a7bcbccorignewd1eecipf20gy-gencatlg 2ddccBKh297.4iALA/Mk297.4mALA/M 00102ddc40708RELIGIONaMESbMEScHISd2023-09-21l0o297.4 ALA/Mp42540r2023-09-21 12:29:58v795.00w2023-09-21yBKzGL42R1 c42238d42238